| 000 | 00493nam a2200193Ia 4500 | ||
|---|---|---|---|
| 008 | 170918s9999 xx 000 0 und d | ||
| 020 | _a9780545496674 | ||
| 050 | _bA285 2010 | ||
| 100 | _aAhearn, Janet Reed | ||
| 245 | _aDon't call me pruneface! / | ||
| 245 | _cJanet Reed Ahearn ; illustrated by Drazen Kozjan. | ||
| 260 | _aNew York : | ||
| 260 | _bScholastic, | ||
| 260 | _c2010 | ||
| 300 | _aunpaged : | ||
| 300 | _bcolored illustration ; | ||
| 300 | _c28cm. | ||
| 500 | _a400 | ||
| 999 |
_c341326 _d341326 |
||